000 00828cam a2200241Ii 4500
020 _a9781402091322 (electronic bk.)
020 _a140209132X (electronic bk.)
040 _cGW5XE
082 0 4 _a631 IRR 1991 C157 Or.
245 0 0 _aRainfed farming systems /
300 _a1 online resource (xviii, 1337 pages) :
_billustrations
650 2 _aAgriculture.
650 2 _aClimatic Processes.
650 2 _aStress, Physiological.
650 0 _aDry farming.
700 1 _aTow, P. G.
710 2 _aOhio Library and Information Network.
710 2 _aSpringerLink (Online service)
856 4 0 _uhttp://rave.ohiolink.edu/ebooks/ebc/9781402091322
856 4 0 _uhttp://dx.doi.org/10.1007/978-1-4020-9132-2
856 4 0 _uhttp://proxy.ohiolink.edu:9099/login?url=http://dx.doi.org/10.1007/978-1-4020-9132-2
942 _cAEDBB
999 _c19002
_d19002